Breviario del Puerto de Nostalgia.

Uloženo v:
Podrobná bibliografie
Hlavní autor: Reyes, Salvador (autor)
Médium: Kniha
Jazyk:španělština
Vydáno: Valparaíso, Chile: Universidad de Valparaíso, 1995.
Edice:Colección Breviarios del Valparaíso.
Témata:
Tagy: Přidat tag
Žádné tagy, Buďte první, kdo vytvoří štítek k tomuto záznamu!

MARC

LEADER 00000nam a22000007a 4500
003 CL-VaPUC
005 20241216163834.0
008 241205t1995 ||||| |||| 00| 0 spa d
999 |c 446126  |d 446124 
040 |c Pontificia Universidad Católica de Valparaíso 
082 |2 22  |a Ch863 REY 1995 
100 |9 318380  |a Reyes, Salvador  |e autor 
245 |a Breviario del Puerto de Nostalgia. 
260 |a Valparaíso, Chile:  |b Universidad de Valparaíso,  |c 1995. 
300 |a 29 páginas. 
490 |a Colección Breviarios del Valparaíso. 
500 |a c.1: Donación P.I.I.E. 2-12-2024. 
583 |c 20241205  |k Yessy Sthefany Diaz Vidal 
650 0 |9 308280  |a Cuentos chilenos   |z Valparaíso, Chile  |y Siglo 20 
650 0 |a Chilean literature  |z Valparaíso, Chile  |y 20th century  |9 894524 
942 |2 ddc  |c BK 
952 |0 0  |1 0  |2 ddc  |4 0  |6 CH_863_000000000000000_REY_1995  |7 0  |8 A  |9 598502  |a BIBGIM  |b BIBGIM  |d 2024-12-05  |e Donación  |i 5663513  |o Ch863 REY 1995  |p 5663513  |r 2025-01-15  |t 1  |w 2024-12-05  |y BK  |k ELE